[Event "Zhukovsky Winter op"]
[Site "Zhukovsky"]
[Date "2014.??.??"]
[Round "8"]
[White "Dubrovin, Ivan"]
[Black "Kots, Dmitry"]
[Result "1-0"]
[WhiteElo "1750"]
[BlackElo "1797"]
[PlyCount "65"]
[EventDate "2014.11.22"]
[EventType "swiss"]
[EventRounds "9"]
[EventCountry "RUS"]
[SourceTitle "EXT 2016"]
[Source "ChessBase"]
[SourceDate "2015.10.08"]
[SourceVersion "1"]
[SourceVersionDate "2015.10.08"]
[SourceQuality "1"]

1. e4 e5 2. d4 exd4 3. Qxd4 Nc6 4. Qe3 b6 5. Bd2 Bc5 6. Qg3 Bd4 7. Nc3 Be5 8. f4 Bf6 9. 0-0-0 Nge7 10. e5 Nf5 11. Qg4 Nh6 12. Qg3 Nf5 13. Qh3 d6 14. exf6 Qxf6 15. Re1+ Nfe7 16. Qe3 0-0 17. Nf3 Bd7 18. Bd3 Rae8 19. Ng5 Ng6 20. Qf2 Nb4 21. Bc4 Qf5 22. Bb3 d5 23. a3 d4 24. Rxe8 Bxe8 25. Qxd4 c5 26. Qe4 Qxe4 27. Ncxe4 Nc6 28. Nd6 Nd4 29. Bd5 Ne2+ 30. Kb1 Nexf4 31. Bxf4 Nxf4 32. Bxf7+ Bxf7 33. Ngxf7 1-0

[Event "Zhukovsky Winter op"]
[Site "Zhukovsky"]
[Date "2014.??.??"]
[Round "5"]
[White "Kots, Dmitry"]
[Black "Groisman, Anatoliy"]
[Result "0-1"]
[WhiteElo "1797"]
[BlackElo "1972"]
[PlyCount "76"]
[EventDate "2014.11.22"]
[EventType "swiss"]
[EventRounds "9"]
[EventCountry "RUS"]
[SourceTitle "EXT 2016"]
[Source "ChessBase"]
[SourceDate "2015.10.08"]
[SourceVersion "1"]
[SourceVersionDate "2015.10.08"]
[SourceQuality "1"]

1. e4 c6 2. Nc3 d5 3. Nf3 Bg4 4. exd5 cxd5 5. Bb5+ Nc6 6. d4 e6 7. 0-0 Bd6 8. Re1 Nge7 9. Be2 Rc8 10. Ng5 Bxe2 11. Rxe2 0-0 12. Qd3 Ng6 13. Nb5 Bb8 14. Bd2 a6 15. Na3 Qf6 16. c3 h6 17. Nh3 Nce7 18. Rf1 e5 19. f3 Rfe8 20. Nf2 exd4 21. Ng4 Qd6 22. cxd4 h5 23. Ne5 f6 24. f4 fxe5 25. fxe5 Qe6 26. Bb4 Rf8 27. Ree1 Rxf1+ 28. Rxf1 Rf8 29. Nc2 Rxf1+ 30. Qxf1 Qf5 31. Qd1 Ba7 32. Qe2 Nf4 33. Qf2 Nd3 34. Qxf5 Nxf5 35. Bc3 Nxe5 36. Kf1 Nc6 37. Ke2 Ncxd4+ 38. Nxd4 Bxd4 0-1

[Event "Zhukovsky op"]
[Site "Zhukovsky"]
[Date "2014.??.??"]
[Round "1"]
[White "Smirnov, Yury Vladimirovic"]
[Black "Kots, Dmitry"]
[Result "1-0"]
[WhiteElo "2095"]
[BlackElo "1797"]
[PlyCount "99"]
[EventDate "2014.08.08"]
[EventType "swiss"]
[EventRounds "9"]
[EventCountry "RUS"]
[SourceTitle "CBM 162 Extra"]
[Source "ChessBase"]
[SourceDate "2014.10.17"]
[SourceVersion "1"]
[SourceVersionDate "2014.10.17"]
[SourceQuality "1"]

1. e4 d6 2. Bc4 g6 3. d4 Bg7 4. Be3 Nf6 5. f3 0-0 6. Qd2 e5 7. d5 c6 8. Nc3 c5 9. Bh6 Nh5 10. Nge2 Qh4+ 11. Kd1 Qd8 12. g4 Nf6 13. h4 Bxh6 14. Qxh6 Bxg4 15. Qe3 Bh5 16. Ng3 a6 17. a4 Qb6 18. Kd2 Qb4 19. Be2 Qd4+ 20. Qxd4 cxd4 21. Nd1 Nbd7 22. a5 Nc5 23. Nf2 Rac8 24. Ra3 Ne8 25. c3 Nc7 26. c4 Na8 27. Rc1 b5 28. axb6 Nxb6 29. b4 Nca4 30. Nxh5 gxh5 31. Nd1 f5 32. Rca1 Nc3 33. Nxc3 dxc3+ 34. Rxc3 fxe4 35. fxe4 Rf4 36. Rxa6 Rb8 37. Ra7 Rxe4 38. Rg3+ Kf8 39. Rxh7 Ra8 40. Rh8+ Ke7 41. Rxa8 Nxa8 42. Rg7+ Kf6 43. Rb7 Rxh4 44. b5 Rd4+ 45. Ke3 h4 46. Rb8 Nc7 47. b6 Nxd5+ 48. cxd5 Rb4 49. b7 Ke7 50. Rh8 1-0

[Event "Zhukovsky op"]
[Site "Zhukovsky"]
[Date "2014.??.??"]
[Round "9"]
[White "Temichev, Evgeniy"]
[Black "Kots, Dmitry"]
[Result "0-1"]
[WhiteElo "1906"]
[BlackElo "1797"]
[PlyCount "110"]
[EventDate "2014.08.08"]
[EventType "swiss"]
[EventRounds "9"]
[EventCountry "RUS"]
[SourceTitle "CBM 162 Extra"]
[Source "ChessBase"]
[SourceDate "2014.10.17"]
[SourceVersion "1"]
[SourceVersionDate "2014.10.17"]
[SourceQuality "1"]

1. e4 d6 2. c4 Nf6 3. Nc3 g6 4. Be2 Bg7 5. d4 0-0 6. Be3 Nc6 7. h4 e5 8. d5 Nd4 9. Bxd4 exd4 10. Qxd4 Nh5 11. Qd2 Nf6 12. h5 Re8 13. hxg6 fxg6 14. Bf3 Bf5 15. Qf4 Qe7 16. 0-0-0 Nxe4 17. Bxe4 Bxc3 18. bxc3 Qxe4 19. Qxe4 Rxe4 20. Rd4 Rae8 21. Nf3 Re2 22. Rdh4 Rc2+ 23. Kd1 Re7 24. Nd4 Rxf2 25. g4 Bd3 26. c5 dxc5 27. Ne6 Be4 28. R1h2 Rxh2 29. Rxh2 Bf3+ 30. Kd2 Bxg4 31. Nxc5 b6 32. Nd3 h5 33. Nb4 a5 34. Nc6 Re8 35. c4 Re4 36. Kc3 Re3+ 37. Kd4 Re1 38. Ne5 Bf5 39. Nc6 Kg7 40. c5 Re4+ 41. Kc3 bxc5 42. Nxa5 Kh6 43. Nc4 g5 44. a4 Bd7 45. Ra2 h4 46. a5 Bb5 47. Nd2 Re3+ 48. Kc2 Ba6 49. Ra4 Kh5 50. Nc4 Re2+ 51. Kd1 Re4 52. Nb6 Rxa4 53. Nxa4 h3 54. Nxc5 h2 55. Nxa6 h1Q+ 0-1

[Event "Konakovo Chervonny op"]
[Site "Konakovo"]
[Date "2012.09.23"]
[Round "6"]
[White "Kots, Dmitry"]
[Black "Gavrilov, Yuri"]
[Result "1/2-1/2"]
[WhiteElo "1795"]
[BlackElo "2082"]
[PlyCount "111"]
[EventDate "2012.09.20"]
[EventType "swiss"]
[EventRounds "7"]
[EventCountry "RUS"]
[SourceTitle "CBM 150 Extra"]
[Source "ChessBase"]
[SourceDate "2012.10.19"]
[SourceVersion "1"]
[SourceVersionDate "2012.10.19"]
[SourceQuality "1"]

1. e4 c5 2. Nf3 Nc6 3. Bc4 e6 4. Nc3 Be7 5. d4 cxd4 6. Nxd4 a6 7. Nf3 b5 8. Bd3 d6 9. Be3 Nf6 10. Qe2 0-0 11. Rd1 Bb7 12. e5 Nd5 13. Nxd5 exd5 14. h4 dxe5 15. Bxh7+ Kh8 16. Bf5 g6 17. Ng5 Bxg5 18. hxg5+ Kg7 19. Be4 Ne7 20. Qf3 Qd6 21. Bc5 Qe6 22. Bxe7 Qxe7 23. Bxd5 Bxd5 24. Rxd5 Qxg5 25. Qe3 Qxe3+ 26. fxe3 e4 27. Rh4 f5 28. g4 g5 29. Rd7+ Rf7 30. Rh7+ Kxh7 31. Rxf7+ Kg6 32. Rxf5 Re8 33. Rd5 Re6 34. Kd2 Kf6 35. b3 Rc6 36. Rf5+ Kg6 37. Re5 Kf6 38. Rxe4 Rd6+ 39. Rd4 Re6 40. Kd3 Rc6 41. e4 Ke5 42. c4 Kf4 43. cxb5 axb5 44. Rd5 b4 45. e5 Kxg4 46. Rd6 Rc3+ 47. Kd2 Kf5 48. Rb6 Rg3 49. Ra6 Kxe5 50. Ke2 Rc3 51. Kf1 Rc2 52. Ke1 Rc3 53. Rb6 Rc2 54. Rxb4 Rxa2 55. Rg4 Kf6 56. Rc4 1/2-1/2

[Event "Zhukovsky op"]
[Site "Zhukovsky"]
[Date "2012.04.??"]
[Round "2"]
[White "Kots, Dmitry"]
[Black "Kuznetsov, Yuri"]
[Result "0-1"]
[WhiteElo "1893"]
[BlackElo "2022"]
[PlyCount "130"]
[EventDate "2012.04.??"]
[EventType "swiss"]
[EventRounds "9"]
[EventCountry "RUS"]
[SourceTitle "EXT 2014"]
[Source "ChessBase"]
[SourceDate "2013.11.20"]
[SourceVersion "1"]
[SourceVersionDate "2013.11.20"]
[SourceQuality "1"]

1. e4 d6 2. Nc3 Nf6 3. d4 g6 4. Nf3 Bg7 5. Bd3 c6 6. Be3 Nbd7 7. e5 Ng4 8. e6 Ndf6 9. exf7+ Kf8 10. h3 Nxe3 11. fxe3 a6 12. 0-0 Qc7 13. Ne2 Be6 14. Nf4 Bxf7 15. Ng5 Qd7 16. e4 e5 17. Ne2 Bg8 18. Qd2 Ke8 19. Rad1 Qe7 20. Qa5 Rd8 21. Nf3 Nd7 22. Qc7 Nb8 23. Qb6 Rc8 24. h4 Qc7 25. Qb4 h6 26. Rf2 Be6 27. Rdf1 Rf8 28. Nc3 b5 29. d5 c5 30. Bxb5+ axb5 31. Nxb5 cxb4 32. Nxc7+ Rxc7 33. dxe6 Nc6 34. Nd2 Rxf2 35. Rxf2 Nd8 36. Nb1 Nxe6 37. c3 h5 38. Rf3 bxc3 39. Nxc3 Rc4 40. Rg3 Nf4 41. Kf2 Rd4 42. b3 Rd3 43. Rxd3 Nxd3+ 44. Ke3 Nb4 45. a4 Bf6 46. g3 Bd8 47. Nb5 Kd7 48. Nc3 Bb6+ 49. Ke2 Ke6 50. Nd1 d5 51. exd5+ Kxd5 52. Nc3+ Ke6 53. Kf3 Kf5 54. Ne4 Ba5 55. Nd6+ Ke6 56. Nc4 Bc7 57. Ke4 Nc6 58. Ne3 Ba5 59. Nc2 Kd6 60. Ne3 Be1 61. Kf3 Kc5 62. Nc2 Nd4+ 63. Nxd4 Kxd4 64. g4 e4+ 65. Ke2 Bb4 0-1

[Event "Zhukovsky op"]
[Site "Zhukovsky"]
[Date "2012.04.??"]
[Round "3"]
[White "Shvetzov, Mikhail"]
[Black "Kots, Dmitry"]
[Result "1-0"]
[WhiteElo "1842"]
[BlackElo "1893"]
[PlyCount "75"]
[EventDate "2012.04.??"]
[EventType "swiss"]
[EventRounds "9"]
[EventCountry "RUS"]
[SourceTitle "EXT 2014"]
[Source "ChessBase"]
[SourceDate "2013.11.20"]
[SourceVersion "1"]
[SourceVersionDate "2013.11.20"]
[SourceQuality "1"]

1. e4 e5 2. f4 exf4 3. Nf3 d6 4. d4 h6 5. Bxf4 c6 6. Bd3 Qb6 7. Nbd2 g5 8. Nc4 Qd8 9. Bg3 g4 10. Nh4 b5 11. Ne3 h5 12. 0-0 Nh6 13. d5 Qb6 14. Bf2 c5 15. b4 Nd7 16. Nef5 Ne5 17. Nxh6 Bxh6 18. a4 Bd7 19. axb5 Bxb5 20. bxc5 dxc5 21. Rb1 a6 22. c4 g3 23. hxg3 Ng4 24. Qf3 Ne5 25. Qe2 Rg8 26. cxb5 a5 27. Bc2 Rg4 28. Nf3 Bg7 29. Nxe5 Bxe5 30. Qf3 Ra7 31. Qf5 Bd4 32. Qxh5 Rg6 33. e5 Rh6 34. Qf5 Kf8 35. d6 Bxf2+ 36. Rxf2 Qd8 37. b6 Ra8 38. Qxf7# 1-0